000 00527nam a2200169Ia 4500
008 090711s9999 xx 000 0 und d
082 _b77043
100 _aतेंडुलकर प्रिया
245 _aपंSातारांकित
260 _c1995
300 _a144
600 _aतेंडुलकर प्रिया
630 _aपंSातारांकित
700 _aतेंडुलकर प्रिया
730 _aपंSातारांकित
942 _cBOOK
999 _c313150
_d313150